Central Library OPAC University of Rajshahi

Physical distribution management; (Record no. 76001)

MARC details
000 -LEADER
fixed length control field 01137cam a22003131 4500
001 - CONTROL NUMBER
control field 76001
003 - CONTROL NUMBER IDENTIFIER
rucl marc code BD-RjUL
005 - DATE AND TIME OF LATEST TRANSACTION
control field 20211209082756.0
008 - FIXED-LENGTH DATA ELEMENTS--GENERAL INFORMATION
fixed length control field 700914s1968 nyua b 000 0 eng
035 ## - SYSTEM CONTROL NUMBER
System control number (BD-RjUL)76220
040 ## - CATALOGING SOURCE
Original cataloging agency DLC
Transcribing agency DLC
Modifying agency DLC
Language of cataloging eng
041 ## - LANGUAGE CODE
Language code of text/sound track or separate title eng
082 00 - DEWEY DECIMAL CLASSIFICATION NUMBER
Classification number 658.788
Edition number 23
Author mark and year BOP 1968
100 1# - MAIN ENTRY--PERSONAL NAME
Personal name Bowersox, Donald J.
9 (RLIN) 46907
245 10 - TITLE STATEMENT
Title Physical distribution management;
Remainder of title logistics problems of the firm /
Statement of responsibility, etc. by Donald J. Bowersox, Edward W. Smykay [and] Bernard J. LaLonde. Foreword by Wendell R. Smith.
250 ## - EDITION STATEMENT
Edition statement Rev. ed.
260 ## - PUBLICATION, DISTRIBUTION, ETC. (IMPRINT)
Place of publication, distribution, etc. New York :
Name of publisher, distributor, etc. Macmillan ,
Date of publication, distribution, etc. [1968]
300 ## - PHYSICAL DESCRIPTION
Pagination xv, 469 p. :
Illustrations ill ;
Size 24 cm.
500 ## - GENERAL NOTE
General note Based on Physical distribution management, by E. W. Smykay, D. J. Bowersox, and F. H. Mossman.
504 ## - BIBLIOGRAPHY, ETC. NOTE
Bibliography, etc Bibliography: p. 450-455.
650 #0 - SUBJECT ADDED ENTRY--TOPICAL TERM
Topical term or geographic name as entry element Physical distribution of goods
Form subdivision Management
9 (RLIN) 233371
700 1# - ADDED ENTRY--PERSONAL NAME
Personal name Smykay, Edward W.,
Personal name La Londe, Bernard J.,
Personal name Smykay, Edward W.
906 ## - LOCAL DATA ELEMENT F, LDF (RLIN)
a 7
b cbc
c orignew
d u
e ncip
f 19
g y-gencatlg
942 ## - ADDED ENTRY ELEMENTS (KOHA)
Source of classification or shelving scheme Dewey Decimal Classification
Koha item type Books
Holdings
Lost status Source of classification or shelving scheme Damaged status Not for loan Collection code Permanent Location Current Location Shelving location Date acquired Source of acquisition Total Checkouts Full call number Date last seen Copy number Koha item type
  Dewey Decimal Classification   Not For Loan Non-fiction Central Library, University of Rajshahi Central Library, University of Rajshahi Reading Room 09/12/2021 zeitlinger   658.788 BOP 1968 01/10/2019 C-1 Books